00769nam a2200217Ia 4500003000900000008004100009020001800050040001600068080001700084100002600101245014500127260003800272300001500310650002000325650002000345650001900365650001800384942000700402999001700409952012500426IN-BaIIA211028s9999 xx 000 0 eng d a0-471-62305-9 cIIA Library a51:5/62bKAH aKahn, Peter B.917442 0aMathematical methods for scientists and engineersblinear and nonlinear systemscPeter B. Kahn  aNew YorkbJohn Wiley & Sonsc1990 axix, 469p. aEngineering981 aMathematics982 aNASA thesaurus aScience91299 cBK c10257d10257 00104070aBANbBANcGENd1991-12-26g1760.33l0o51:5/62/ KAHp11167r2021-11-05v1760.33w1991-12-26yBKGRs. 1760.33